Pali Prakrit Bhasa Aru Sahitya / (Record no. 4267)
[ view plain ]
| 000 -LEADER | |
|---|---|
| fixed length control field | 01039nam a2200397Ia 4500 |
| 001 - CONTROL NUMBER | |
| control field | 4280 |
| 005 - DATE AND TIME OF LATEST TRANSACTION | |
| control field | 20240113233726.0 |
| 007 - PHYSICAL DESCRIPTION FIXED FIELD--GENERAL INFORMATION | |
| fixed length control field | ta |
| 008 - FIXED-LENGTH DATA ELEMENTS--GENERAL INFORMATION | |
| fixed length control field | 050610s1991 g b000 u asm u |
| 020 ## - INTERNATIONAL STANDARD BOOK NUMBER | |
| Terms of availability | Rs.40.00 (PB) |
| 040 ## - CATALOGING SOURCE | |
| Original cataloging agency | Cotton College,Assam |
| 041 ## - LANGUAGE CODE | |
| Language code of text/sound track or separate title | asm |
| 082 ## - DEWEY DECIMAL CLASSIFICATION NUMBER | |
| Classification number | 891.37 |
| Item number | Da 26 Pa |
| 100 ## - MAIN ENTRY--PERSONAL NAME | |
| Personal name | Das, Prasannaram. |
| 245 #0 - TITLE STATEMENT | |
| Title | Pali Prakrit Bhasa Aru Sahitya / |
| Statement of responsibility, etc. | Prasanna Ram Das. |
| Medium | Textual Documents |
| 250 ## - EDITION STATEMENT | |
| Edition statement | 1st ed. / |
| 260 ## - PUBLICATION, DISTRIBUTION, ETC. | |
| Place of publication, distribution, etc. | Guwahati : |
| Name of publisher, distributor, etc. | Bina Library , |
| Date of publication, distribution, etc. | 1991. |
| 300 ## - PHYSICAL DESCRIPTION | |
| Extent | 301p. ; |
| Dimensions | 22cm. |
| 365 ## - TRADE PRICE | |
| Price type code | Rs.40.00 |
| 440 ## - SERIES STATEMENT/ADDED ENTRY--TITLE | |
| Title | Rs.40.00, |
| 490 ## - SERIES STATEMENT | |
| Series statement | Rs.40.00, |
| 653 ## - INDEX TERM--UNCONTROLLED | |
| Uncontrolled term | Assamese Liturature-Pali Prakrit |
| 653 ## - INDEX TERM--UNCONTROLLED | |
| Uncontrolled term | Pali Literature |
| 653 ## - INDEX TERM--UNCONTROLLED | |
| Uncontrolled term | Prakrit Literature |
| 653 ## - INDEX TERM--UNCONTROLLED | |
| Uncontrolled term | Pali Language |
| 653 ## - INDEX TERM--UNCONTROLLED | |
| Uncontrolled term | Prakrit Language |
| 653 ## - INDEX TERM--UNCONTROLLED | |
| Uncontrolled term | Assamese Essays-Pali Prakrit |
| 653 ## - INDEX TERM--UNCONTROLLED | |
| Uncontrolled term | PG-Assamese |
| 653 ## - INDEX TERM--UNCONTROLLED | |
| Uncontrolled term | MS-Assamese |
| 942 ## - ADDED ENTRY ELEMENTS (KOHA) | |
| Source of classification or shelving scheme | Dewey Decimal Classification |
| Koha item type | Books |
| Withdrawn status | Lost status | Damaged status | Not for loan | Collection | Home library | Current library | Date acquired | Coded location qualifier | Cost, normal purchase price | Total checkouts | Full call number | Barcode | Date last seen | Copy number | Price effective from | Koha item type |
|---|---|---|---|---|---|---|---|---|---|---|---|---|---|---|---|---|
| Dr. Suryya Kumar Bhuyan Library | Dr. Suryya Kumar Bhuyan Library | 01/02/2012 | 00000 | 40.00 | 891.37 Da 26 Pa | 2533/As | 13/01/2024 | 4 | 01/02/2012 | Books | ||||||
| Dr. Suryya Kumar Bhuyan Library | Dr. Suryya Kumar Bhuyan Library | 01/02/2012 | 00000 | 40.00 | 891.37 Da 26 Pa | 2003/As | 13/01/2024 | 2 | 01/02/2012 | Books | ||||||
| Dr. Suryya Kumar Bhuyan Library | Dr. Suryya Kumar Bhuyan Library | 01/02/2012 | 00000 | 40.00 | 891.37 Da 26 Pa | 2004/As | 13/01/2024 | 3 | 01/02/2012 | Books | ||||||
| Dr. Suryya Kumar Bhuyan Library | Dr. Suryya Kumar Bhuyan Library | 01/02/2012 | 00000 | 40.00 | 891.37 Da 26 Pa | 2531/As | 13/01/2024 | 1 | 01/02/2012 | Books |
